| 000 | 01009nam a22002537a 4500 | ||
|---|---|---|---|
| 001 | 14481 | ||
| 003 | BD-JhCC | ||
| 005 | 20251209115826.0 | ||
| 008 | 251209b |||||||| |||| 00| 0 eng d | ||
| 020 | _a9789849518754 | ||
| 035 | _a(BD-JhCC) 14481 | ||
| 040 |
_aBD-JhCC _dBD-JhCC |
||
| 041 | _aeng | ||
| 082 |
_223 _a954.92 _bZAH 2021 |
||
| 100 | _aজাহিদ, সুরমা | ||
| 245 |
_aবীর নারী মুক্তিযোদ্ধার কথা / _cসুরমা জাহিদ |
||
| 246 | _aBir Nari Muktijoddhar Kotha | ||
| 260 |
_aঢাকাঃ _bপ্রজন্ম পাবলিকেশন্স, _c২০২১ |
||
| 300 |
_a৭৯ পৃ.; _c২২ সেমি. _eপেপার বাইণ্ডিং |
||
| 650 | _aবাংলাদেশের মুক্তিযুদ্ধ | ||
| 650 | _aনারী মুক্তিযোদ্ধাদের ভূমিকা | ||
| 650 | _aবাংলাদেশের ইতিহাস | ||
| 942 |
_2ddc _cBK |
||
| 999 |
_c14481 _d14481 |
||